000 01143cam a22003011 4500
001 gs 47000336
003 DLC
005 20260227111353.0
008 891026s1946 sw b b 000 0 swe c
010 _ags 47000336
035 _a(OCoLC)20552797
040 _aU.S. Geol. Survey. Library
_cCU
_dCU
_dDLC
041 0 _aswe
_beng
042 _apremarc
050 0 0 _aQE282
_b.A3 ser. C, no. 474
082 _a554.88
100 1 _aGrip, Erland,
_d1905-
245 0 0 _aArvidsjaurfältet och dess förhållande till omgivande berggrund,
_cav Erland Grip ...
260 _aStockholm,
_bKungl. boktryckeriet, P.A. Norstedt & söner,
_c1946.
300 _a31 p. incl. profiles.
_bmaps (1 fold.)
_c24 cm.
490 1 _aSweden. Geologiska undersökningen. Ser. C. Avhandlingar och uppsatser.
_vn:o 474. Årsbok 39 (1945) n:o 7
500 _aAt head of title: Sveriges geologiska undersökning ...
500 _aSummary in English.
504 _a"Litteratur": p. 31.
650 0 _aGeology
_zSweden
_zArvidsjaur.
830 0 _aSer. C--Avhandlingar och uppsatser ;
_vn:o 474.
830 0 _aÅrsbok (Sveriges geologiska undersökning) ;
_v39 : n:o 7.
999 _c28215
_d28215